000 00710nmm a2200241 a 4500
003 AR-BaBNM
005 20251128211610.0
008 164120s2001 ||||||||||||||000 | spa||
020 _a950-701-780-1
040 _cAR-BaBNM
100 1 _aMacDonald, Margaret Read
245 1 0 _aCuentos que van y vienen
_bcómo inventar nuevos y narrar los favoritos de siempre
260 _aBuenos Aires
_bAique
_c2001
300 0 _a159 p.
500 0 _aContiene apéndice con textos literarios en inglés
650 4 _aCUENTO INFANTIL
650 4 _aNARRACION DE CUENTOS
650 4 _aCUENTOS
653 _aENSENANZA DE LA LITERATURA
700 1 _aMartín, Paula
_etraductor
942 _cBK
998 _cme-solo cat
999 _c20369
_d20369